| 000 | 00819nam a22002297a 4500 | ||
|---|---|---|---|
| 003 | 0 | ||
| 005 | 20250407112927.0 | ||
| 008 | 250404b xxu||||| |||| 00| 0 eng d | ||
| 020 | _a978-621-427-192-4 | ||
| 050 |
_aHD 58.7 _b.Ab23 2024 |
||
| 100 | _aAbante, Marmelo V. | ||
| 245 |
_aAdvanced human behavior organization with ethics _c Marmelo V. Abante and two others |
||
| 260 |
_aIntramuros, Manila _bUnlimited Books Library Services & Publishing, Inc. _c2024 |
||
| 300 |
_avi, 246 pages; _c25cm. |
||
| 504 | _aIncludes bibliographical references. | ||
| 650 | _aOrganizational behavior -- Business ethics. | ||
| 650 | _aWorkplace ethics -- Organizational culture. | ||
| 650 | _aManagement -- Moral and ethical aspects. | ||
| 700 | _aSimbre, Roland M. | ||
| 700 | _aPancho, Ronald L. | ||
| 942 |
_2lcc _cBK |
||
| 999 |
_c367370 _d367370 |
||